Saber y relación con el saber

I tiakina i:
Ngā taipitopito rārangi puna kōrero
Ngā kaituhi matua: Beillerot, Jacky (Author), Blanchard-Laville, Claudine (Author), Mosconi, Nicole (Author)
Hōputu: Pukapuka
Reo:Pāniora
I whakaputaina: Buenos Aires Paidós 1998
Putanga:1a. ed
Rangatū:Paidós Educador
Ngā marau:
Ngā Tūtohu: Tāpirihia he Tūtohu
Kāore He Tūtohu, Me noho koe te mea tuatahi ki te tūtohu i tēnei pūkete!

MARC

LEADER 00000nam a2200000 a 4500
001 UCH0042
003 CL-VaPUC
008 090108e19980000AG |||||||||||||||||spa|d
020 |a 9501221342 
082 0 4 |a 371.102  |b BEI  |2 21 
100 0 |a Beillerot, Jacky  |e author  |9 534125 
700 0 |a Blanchard-Laville, Claudine  |e author  |9 534126 
700 0 |a Mosconi, Nicole  |e author  |9 534127 
245 1 0 |a Saber y relación con el saber 
250 |a 1a. ed 
300 |a 207 p 
942 |c BK 
945 |d 20090108 00:00:00  |a rbrito 
260 |a Buenos Aires  |b Paidós  |c 1998 
650 0 |a Saber   |9 367358 
650 0 |a Enseñanza  |9 256457 
650 0 |a Aprendizaje   |9 254827 
583 |a last modification  |c 20121217 10:18:31  |k Rodrigo Vera 
490 0 |a Paidós Educador 
999 |c 332447  |d 332445 
952 |0 0  |1 0  |4 0  |6 371_102000000000000_BEI_1998  |7 0  |8 A  |9 420160  |a BIBEDU  |b BIBEDU  |d 2019-11-22  |i 4511115  |o 371.102 BEI 1998  |p 4511115  |r 2019-11-22  |w 2019-11-22  |y BK  |k EPE